Comment on "Counting the world's poor," by Angus Deaton (Record no. 51036)

000 -LEADER
fixed length control field 00369pab a2200145 454500
008 - FIXED-LENGTH DATA ELEMENTS--GENERAL INFORMATION
fixed length control field 180718b2001 xxu||||| |||| 00| 0 eng d
100 ## - MAIN ENTRY--PERSONAL NAME
Personal name Srinivasan, T.N.
245 ## - TITLE STATEMENT
Title Comment on "Counting the world's poor," by Angus Deaton
260 ## - PUBLICATION, DISTRIBUTION, ETC.
Date of publication, distribution, etc. 2001
300 ## - PHYSICAL DESCRIPTION
Extent p.157-68
362 ## - DATES OF PUBLICATION AND/OR SEQUENTIAL DESIGNATION
Dates of publication and/or sequential designation Feb
650 ## - SUBJECT ADDED ENTRY--TOPICAL TERM
Topical term or geographic name entry element Poverty
773 ## - HOST ITEM ENTRY
Main entry heading World Bank Research Observer
909 ## -
-- 51036
Holdings
Withdrawn status Lost status Damaged status Not for loan Permanent Location Current Location Date acquired Serial Enumeration / chronology Barcode Date last seen Price effective from Koha item type
        Indian Institute of Public Administration Indian Institute of Public Administration 2018-07-19 Volume no: 16, Issue no: 2 AR51464 2018-07-19 2018-07-19 Articles

Powered by Koha